000 00944cab a2200277 4500
001 ABS49070
008 090401t1993 xxu||||| |||| 00| 0 eng d
035 _a(Sirsi) u69765
041 _aeng
100 _aSevelka, T.
245 _aValuation of leased income-producing properties exhibiting excess rent
260 _c1993
350 _a0
490 _aCanadian Appraiser
_v37(2) Summer 1993, 21-26(6)
520 _aDistinguishes between `economic` and `excess` components of rent charged at above-market levels, and examines the methods of valuing the latter. Capitalisation in perpetuity is suggested as a model.
650 _aABOVE-MARKET RENTS
650 _aCAPITALISATION IN PERPETUITY
650 _aCAPITALISATION RATE ANALYSIS
650 _aEXCESS RENT
650 _aMARKET RENT
650 _aOPEN MARKET VALUE
650 _aVALUATION METHODS
690 _aRATING AND VALUATION
942 _n0
948 _c04/03/1997
999 _c43855
_d43855